<?xml version="1.0" encoding="UTF-8"?>
<record
    xmlns:xsi="http://www.w3.org/2001/XMLSchema-instance"
    xsi:schemaLocation="http://www.loc.gov/MARC21/slim http://www.loc.gov/standards/marcxml/schema/MARC21slim.xsd"
    xmlns="http://www.loc.gov/MARC21/slim">

  <leader>00340nam a22001457a 4500</leader>
  <controlfield tag="008">231125b        |||||||| |||| 00| 0 eng d</controlfield>
  <datafield tag="020" ind1=" " ind2=" ">
    <subfield code="a">9788190038532</subfield>
  </datafield>
  <datafield tag="040" ind1=" " ind2=" ">
    <subfield code="a">02</subfield>
  </datafield>
  <datafield tag="082" ind1=" " ind2=" ">
    <subfield code="a">547.71(KAU)</subfield>
  </datafield>
  <datafield tag="100" ind1=" " ind2=" ">
    <subfield code="a">KAUR,JASWANT</subfield>
  </datafield>
  <datafield tag="245" ind1=" " ind2=" ">
    <subfield code="a">CHEMISTRY OF NATURAL PRODUCT</subfield>
  </datafield>
  <datafield tag="260" ind1=" " ind2=" ">
    <subfield code="a">JALENDHER </subfield>
    <subfield code="b">PEE VEE</subfield>
    <subfield code="c">2019</subfield>
  </datafield>
  <datafield tag="300" ind1=" " ind2=" ">
    <subfield code="a">468</subfield>
  </datafield>
  <datafield tag="942" ind1=" " ind2=" ">
    <subfield code="c">02</subfield>
  </datafield>
  <datafield tag="999" ind1=" " ind2=" ">
    <subfield code="c">57705</subfield>
    <subfield code="d">57705</subfield>
  </datafield>
  <datafield tag="952" ind1=" " ind2=" ">
    <subfield code="0">0</subfield>
    <subfield code="1">0</subfield>
    <subfield code="2">ddc</subfield>
    <subfield code="4">0</subfield>
    <subfield code="6">547_000000000000000_71KAU</subfield>
    <subfield code="7">0</subfield>
    <subfield code="9">524889</subfield>
    <subfield code="a">02</subfield>
    <subfield code="b">02</subfield>
    <subfield code="d">2023-11-25</subfield>
    <subfield code="e">KIRTI</subfield>
    <subfield code="g">525.00</subfield>
    <subfield code="l">0</subfield>
    <subfield code="o">547.71(KAU)</subfield>
    <subfield code="p">02-B-13703</subfield>
    <subfield code="r">2023-11-25</subfield>
    <subfield code="w">2023-11-25</subfield>
    <subfield code="y">02</subfield>
  </datafield>
  <datafield tag="952" ind1=" " ind2=" ">
    <subfield code="0">0</subfield>
    <subfield code="1">0</subfield>
    <subfield code="2">ddc</subfield>
    <subfield code="4">0</subfield>
    <subfield code="6">547_000000000000000_71KAU</subfield>
    <subfield code="7">0</subfield>
    <subfield code="9">524890</subfield>
    <subfield code="a">02</subfield>
    <subfield code="b">02</subfield>
    <subfield code="d">2023-11-25</subfield>
    <subfield code="e">KIRTI</subfield>
    <subfield code="g">525.00</subfield>
    <subfield code="l">6</subfield>
    <subfield code="o">547.71(KAU)</subfield>
    <subfield code="p">02-B-13704</subfield>
    <subfield code="r">2026-02-14</subfield>
    <subfield code="s">2026-02-14</subfield>
    <subfield code="w">2023-11-25</subfield>
    <subfield code="y">02</subfield>
  </datafield>
  <datafield tag="952" ind1=" " ind2=" ">
    <subfield code="0">0</subfield>
    <subfield code="1">0</subfield>
    <subfield code="2">ddc</subfield>
    <subfield code="4">0</subfield>
    <subfield code="6">547_000000000000000_71KAU</subfield>
    <subfield code="7">0</subfield>
    <subfield code="9">524891</subfield>
    <subfield code="a">02</subfield>
    <subfield code="b">02</subfield>
    <subfield code="d">2023-11-25</subfield>
    <subfield code="e">KIRTI</subfield>
    <subfield code="g">525.00</subfield>
    <subfield code="l">0</subfield>
    <subfield code="o">547.71(KAU)</subfield>
    <subfield code="p">02-B-13705</subfield>
    <subfield code="r">2023-11-25</subfield>
    <subfield code="w">2023-11-25</subfield>
    <subfield code="y">02</subfield>
  </datafield>
  <datafield tag="952" ind1=" " ind2=" ">
    <subfield code="0">0</subfield>
    <subfield code="1">0</subfield>
    <subfield code="2">ddc</subfield>
    <subfield code="4">0</subfield>
    <subfield code="6">547_000000000000000_71KAU</subfield>
    <subfield code="7">0</subfield>
    <subfield code="9">524892</subfield>
    <subfield code="a">02</subfield>
    <subfield code="b">02</subfield>
    <subfield code="d">2023-11-25</subfield>
    <subfield code="e">KIRTI</subfield>
    <subfield code="g">525.00</subfield>
    <subfield code="l">0</subfield>
    <subfield code="o">547.71(KAU)</subfield>
    <subfield code="p">02-B-13706</subfield>
    <subfield code="r">2023-11-25</subfield>
    <subfield code="w">2023-11-25</subfield>
    <subfield code="y">02</subfield>
  </datafield>
  <datafield tag="952" ind1=" " ind2=" ">
    <subfield code="0">0</subfield>
    <subfield code="1">0</subfield>
    <subfield code="2">ddc</subfield>
    <subfield code="4">0</subfield>
    <subfield code="6">547_000000000000000_71KAU</subfield>
    <subfield code="7">0</subfield>
    <subfield code="9">524893</subfield>
    <subfield code="a">02</subfield>
    <subfield code="b">02</subfield>
    <subfield code="d">2023-11-25</subfield>
    <subfield code="e">KIRTI</subfield>
    <subfield code="g">525.00</subfield>
    <subfield code="l">1</subfield>
    <subfield code="o">547.71(KAU)</subfield>
    <subfield code="p">02-B-13707</subfield>
    <subfield code="r">2025-10-10</subfield>
    <subfield code="s">2025-10-08</subfield>
    <subfield code="w">2023-11-25</subfield>
    <subfield code="y">02</subfield>
  </datafield>
</record>
